| 000 | 00635nam a22001577a 4500 | ||
|---|---|---|---|
| 005 | 20250217162231.0 | ||
| 008 | 250217b |||||||| |||| 00| 0 eng d | ||
| 082 |
_22024 _aUT |
||
| 100 |
_aApolinar, Jestonie V. _965426 |
||
| 245 |
_aMonitoring and blight disease control greenhouse technology for small corn plantation through raspberry pi and arduino / _cJestonie V. Apolinar, and Rhandel Yancy S. Uy |
||
| 260 |
_aDigos City : _bUMDC, _c©January 2024. |
||
| 300 |
_aviii, 45 pages : _billustration (some colors) ; _c29 cm. |
||
| 500 | _aIncludes references and appendices. | ||
| 700 |
_aUy, Rhandel Yancy S. _965427 |
||
| 942 |
_2ddc _cUT |
||
| 999 |
_c23478 _d23478 |
||